00323nam a2200133 450000500170000000800410001702000230005804100080008108200160008910000220010524500270012726000270015430000080018120250613115947.0250613b |||||||| |||| 00| 0 eng d a9780552550451qpbk aeng a372.31bKIN a King-smith, Dick aThe adventourous snail aUkbYoung corgi c2013 a112